The chinese Economy
Zapisane w:
| 1. autor: | |
|---|---|
| Format: | Książka |
| Język: | Undetermined |
| Wydane: |
New York
Monthly Review Press
1957
|
| Hasła przedmiotowe: | |
| Etykiety: |
Dodaj etykietę
Nie ma etykietki, Dołącz pierwszą etykiete!
|
| Thư viện lưu trữ: | Trung tâm Học liệu Trường Đại học Cần Thơ |
|---|
| LEADER | 00498nam a2200181Ia 4500 | ||
|---|---|---|---|
| 001 | CTU_92077 | ||
| 008 | 210402s9999 xx 000 0 und d | ||
| 082 | |a 330.9 | ||
| 082 | |b A333 | ||
| 100 | |a Solomon Adler | ||
| 245 | 4 | |a The chinese Economy | |
| 245 | 0 | |c Solomon Adler | |
| 260 | |a New York | ||
| 260 | |b Monthly Review Press | ||
| 260 | |c 1957 | ||
| 650 | |a Tình trạng và điều kiện kinh tế | ||
| 904 | |i Hiếu | ||
| 980 | |a Trung tâm Học liệu Trường Đại học Cần Thơ | ||